[Event "SR 4. liga A21 2015/2016"]
[Site "?"]
[Date "2015.11.08"]
[Round "3.2"]
[White "Sedlak, Rastislav"]
[Black "Brunovsky, Peter"]
[Result "1-0"]
[WhiteElo "1626"]
[BlackElo "1859"]
[PlyCount "81"]
[EventDate "2015.??.??"]

1. e4 c6 2. d4 d5 3. exd5 cxd5 4. c4 g6 5. c5 Bg7 6. Nc3 Nf6 7. Bb5+ Bd7 8.
Bxd7+ Qxd7 9. Nf3 O-O 10. O-O Nc6 11. Bf4 Nh5 12. Ne5 Qd8 13. Nxc6 bxc6 14. Be3
Rb8 15. Qa4 Qc7 16. b4 e5 17. Ne2 f5 18. f4 e4 19. Rab1 Qb7 20. Rb2 Bf6 21.
Rfb1 a6 22. Qc2 Ng7 23. a4 Ne6 24. Qd2 Qg7 25. b5 axb5 26. axb5 cxb5 27. Rxb5
Rxb5 28. Rxb5 h5 29. c6 Rc8 30. Rxd5 Rxc6 31. Rb5 Ra6 32. Rb8+ Kh7 33. d5 Ra1+
34. Kf2 Nc7 35. Rb7 Ra6 36. d6 Rc6 37. Bb6 e3+ 38. Bxe3 Kh6 39. Bb6 Bc3 40.
Nxc3 Rxc3 41. Rxc7 1-0

[Event "SR 4. liga A21 2015/2016"]
[Site "?"]
[Date "2015.11.08"]
[Round "3.2"]
[White "Hrubos, Milan"]
[Black "Oravec, Pavol"]
[Result "0-1"]
[WhiteElo "1752"]
[BlackElo "1597"]
[PlyCount "134"]
[EventDate "2015.??.??"]

1. e4 e6 2. d4 d5 3. Nc3 Nf6 4. Bg5 Be7 5. e5 Nfd7 6. Bxe7 Qxe7 7. f4 a6 8. Nf3
c5 9. Be2 Nc6 10. O-O cxd4 11. Nxd4 Qc5 12. Kh1 Qxd4 13. Qe1 Qb6 14. Rb1 Qc7
15. Qg3 g6 16. b4 Nd4 17. Qd3 Nxe2 18. Nxe2 Nb6 19. Rb3 Bd7 20. Nd4 Qc4 21. b5
Qxd3 22. cxd3 a5 23. Rc3 Ke7 24. Rc7 Rab8 25. g4 Rhc8 26. Rfc1 Rxc7 27. Rxc7
Na8 28. Rc2 Rc8 29. Rd2 Rc5 30. a4 Nb6 31. Nb3 Rc3 32. Nxa5 Nxa4 33. Nxb7 Bxb5
34. Nd6 Bxd3 35. Ra2 Bc2 36. Kg1 Bb3 37. Ra1 Rc2 38. Ra3 Rb2 39. Nb5 Kd7 40.
Nd4 Rb1+ 41. Kf2 Bd1 42. h3 Rb4 43. Rd3 Nb2 44. Rd2 Ba4 45. Kg3 Nc4 46. Rd3 Kc7
47. h4 Kb6 48. g5 Nb2 49. Rd2 Kc5 50. Nc2 Rb3+ 51. Kg2 Nc4 52. Rf2 Rb2 53. Ne1
Ne3+ 54. Kf3 Rxf2+ 55. Kxf2 Nf5 56. Nf3 Bd1 57. Ne1 Nxh4 58. Nd3+ Kb5 59. Ke1
Bc2 60. Nf2 Be4 61. Kd2 Ng2 62. Ng4 Nxf4 63. Nh6 Nd3 64. Nxf7 Kc5 65. Nd8 Bf5
66. Nb7+ Kd4 67. Nd6 Nxe5 0-1

[Event "SR 4. liga A21 2015/2016"]
[Site "?"]
[Date "2015.11.08"]
[Round "3.2"]
[White "Jancovicova, Petra"]
[Black "Kanka, Tomas"]
[Result "0-1"]
[WhiteElo "1243"]
[BlackElo "1685"]
[PlyCount "62"]
[EventDate "2015.??.??"]

1. e4 e5 2. Nf3 Nf6 3. Nc3 Nc6 4. d4 exd4 5. Nxd4 Bb4 6. Nxc6 bxc6 7. Bg5 h6 8.
Bxf6 Qxf6 9. Qd3 a5 10. Be2 Ba6 11. Qe3 Bxe2 12. e5 Qg6 13. Qxe2 Qxg2 14. O-O-O
Bxc3 15. bxc3 Qg5+ 16. Rd2 Rb8 17. h4 Qf4 18. Rh3 Qa4 19. Qd3 O-O 20. c4 Qxa2
21. Kd1 Qa1+ 22. Ke2 Qxe5+ 23. Re3 Qh5+ 24. Rf3 Rfe8+ 25. Kf1 Rb1+ 26. Kg2 Ree1
27. Kg3 Rg1+ 28. Kf4 Qg4+ 29. Ke3 Qe6+ 30. Qe4 Rbe1+ 31. Re2 Rxe2+ 0-1

[Event "SR 4. liga A21 2015/2016"]
[Site "?"]
[Date "2015.11.08"]
[Round "3.3"]
[White "Planka, Peter"]
[Black "Podjavorinsky, Michal"]
[Result "1/2-1/2"]
[WhiteElo "1753"]
[BlackElo "1846"]
[PlyCount "63"]
[EventDate "2015.??.??"]

1. e4 c6 2. d4 d5 3. Nc3 dxe4 4. Nxe4 Bf5 5. Ng3 Bg6 6. Nf3 Nf6 7. Bd3 e6 8.
O-O Be7 9. c3 O-O 10. Bxg6 hxg6 11. Bg5 Nbd7 12. Re1 Qb6 13. Qe2 Rfd8 14. Ne5
Nxe5 15. dxe5 Nd5 16. Bxe7 Nxe7 17. Red1 Rxd1+ 18. Rxd1 Rd8 19. Rd2 Kf8 20. c4
c5 21. Qd1 Ke8 22. Rxd8+ Qxd8 23. Qxd8+ Kxd8 24. Ne4 b6 25. Kf1 Nc6 26. f4 Nb4
27. Ke2 Nxa2 28. Nd6 f6 29. h4 Nc1+ 30. Ke3 f5 31. Nf7+ Ke8 32. Nh8 1/2-1/2

[Event "SR 4. liga A21 2015/2016"]
[Site "?"]
[Date "2015.11.08"]
[Round "3.3"]
[White "Miciak, Emanuel"]
[Black "Harasta, Marian"]
[Result "1-0"]
[WhiteElo "1854"]
[BlackElo "1602"]
[PlyCount "71"]
[EventDate "2015.??.??"]

1. d4 d5 2. c4 c6 3. Nf3 e6 4. Bg5 Be7 5. Bxe7 Qxe7 6. e3 Nf6 7. Nc3 dxc4 8.
Bxc4 Nd5 9. O-O Bd7 10. Rc1 O-O 11. Bb3 h6 12. a3 a6 13. Ba2 b5 14. Ne4 a5 15.
Nc5 Na6 16. Nxa6 Rxa6 17. Bb1 Rc8 18. Qd3 g6 19. Ne5 Ra7 20. Rc5 b4 21. Rfc1 a4
22. e4 Nf4 23. Qf3 g5 24. g3 bxa3 25. bxa3 Ng6 26. Ng4 Kg7 27. e5 Rf8 28. Nf6
Rc7 29. Qh5 Be8 30. Qg4 Rh8 31. h4 gxh4 32. gxh4 h5 33. Qg5 Rh6 34. Nxh5+ Rxh5
35. Qxh5 Qxh4 36. Bxg6 1-0

[Event "SR 4. liga A21 2015/2016"]
[Site "?"]
[Date "2015.11.08"]
[Round "3.3"]
[White "Danihel, Jozef"]
[Black "Podjavorinsky, Peter"]
[Result "1/2-1/2"]
[WhiteElo "1569"]
[BlackElo "1694"]
[PlyCount "50"]
[EventDate "2015.??.??"]

1. d4 Nf6 2. c4 d5 3. Nc3 g6 4. h3 Bg7 5. Nf3 O-O 6. Bg5 c6 7. e3 Ne4 8. Bf4
Nxc3 9. bxc3 c5 10. Qc2 cxd4 11. exd4 Qa5 12. Bd3 Nc6 13. O-O dxc4 14. Bxc4 e5
15. dxe5 Nxe5 16. Nxe5 Bxe5 17. Bxe5 Qxe5 18. Rfe1 Qg5 19. Re3 Bd7 20. Rg3 Qf6
21. Re1 Rae8 22. Rge3 Bc6 23. Kf1 Rxe3 24. Rxe3 Qf4 25. Qb3 Qg5 1/2-1/2

[Event "SR 4. liga A21 2015/2016"]
[Site "?"]
[Date "2015.11.08"]
[Round "3.3"]
[White "Madzo, Anton"]
[Black "Spanik, Ondrej"]
[Result "1/2-1/2"]
[WhiteElo "1517"]
[BlackElo "1347"]
[PlyCount "50"]
[EventDate "2015.??.??"]

1. c4 e5 2. Nc3 Nf6 3. d3 Nc6 4. e4 Bb4 5. Bd2 Bxc3 6. Bxc3 d6 7. Be2 Be6 8.
Nf3 Bg4 9. O-O Qd7 10. b4 Bxf3 11. Bxf3 a6 12. a4 Ne7 13. Bd2 h6 14. h3 O-O 15.
Bg4 Nxg4 16. hxg4 f6 17. g3 c6 18. f3 d5 19. Qc1 dxe4 20. dxe4 Rfd8 21. Be3 Qc7
22. a5 Rd3 23. Ra3 Rxa3 24. Qxa3 Re8 25. Rd1 Nc8 1/2-1/2

[Event "SR 4. liga A21 2015/2016"]
[Site "?"]
[Date "2015.11.08"]
[Round "3.3"]
[White "Spacek, Jan"]
[Black "Kosinar, Oto"]
[Result "1/2-1/2"]
[WhiteElo "1124"]
[BlackElo "1000"]
[PlyCount "80"]
[EventDate "2015.??.??"]

1. e4 e5 2. Nf3 Nc6 3. Bc4 h6 4. d3 Nf6 5. Nbd2 a6 6. Qe2 d6 7. c3 Be7 8. h3
O-O 9. Nb3 Be6 10. Bxe6 fxe6 11. Be3 d5 12. O-O-O b6 13. d4 Nxe4 14. dxe5 Qe8
15. Nbd4 Nxd4 16. Nxd4 Bg5 17. f3 Bxe3+ 18. Qxe3 Ng3 19. Rhg1 c5 20. Ne2 Nxe2+
21. Qxe2 d4 22. cxd4 cxd4 23. Rxd4 Rc8+ 24. Kb1 b5 25. Rd6 Qg6+ 26. Ka1 Rc2 27.
Qd3 Qxd3 28. Rxd3 Rfc8 29. Kb1 Re2 30. f4 Rcc2 31. Rb3 Rxg2 32. Rxg2 Rxg2 33.
Rc3 Rf2 34. Rc6 Rxf4 35. Rxe6 a5 36. Rb6 b4 37. e6 Kf8 38. Rb7 Re4 39. Rf7+ Ke8
40. Rxg7 Rxe6 1/2-1/2

[Event "SR 4. liga A21 2015/2016"]
[Site "?"]
[Date "2015.11.08"]
[Round "3.4"]
[White "Hirmajer, Jan"]
[Black "Lanik, Miroslav"]
[Result "1-0"]
[WhiteElo "1932"]
[BlackElo "1896"]
[PlyCount "63"]
[EventDate "2015.??.??"]

1. c4 e5 2. Nc3 Nf6 3. d3 Nc6 4. Bg5 Be7 5. g3 h6 6. Bxf6 Bxf6 7. Bg2 d6 8. Rb1
Nd4 9. e3 Ne6 10. Nge2 c6 11. b4 Rb8 12. O-O Nc7 13. b5 cxb5 14. cxb5 O-O 15.
b6 axb6 16. Rxb6 Na8 17. Rb4 b6 18. Nd5 Bb7 19. Nec3 Bxd5 20. Nxd5 b5 21. Qb3
Qa5 22. Nxf6+ gxf6 23. f4 Qa7 24. d4 Nc7 25. fxe5 fxe5 26. dxe5 Ne6 27. Rg4+
Ng7 28. exd6 Qd7 29. Rg6 Kh7 30. Rgf6 Ne6 31. Bd5 Kg7 32. Qb2 1-0

[Event "SR 4. liga A21 2015/2016"]
[Site "?"]
[Date "2015.11.08"]
[Round "3.4"]
[White "Kubik, Peter"]
[Black "Bjel, Lubos"]
[Result "1/2-1/2"]
[WhiteElo "1838"]
[BlackElo "1784"]
[PlyCount "22"]
[EventDate "2015.??.??"]

1. e4 e6 2. d4 d5 3. Nd2 c5 4. exd5 exd5 5. Ngf3 Nf6 6. Bb5+ Bd7 7. Bxd7+ Nbxd7
8. O-O Be7 9. dxc5 Nxc5 10. Nd4 O-O 11. N2f3 Nce4 1/2-1/2

[Event "SR 4. liga A21 2015/2016"]
[Site "?"]
[Date "2015.11.08"]
[Round "3.4"]
[White "Lajda, Dusan"]
[Black "Tokos, Rastislav"]
[Result "1-0"]
[WhiteElo "1814"]
[BlackElo "1838"]
[PlyCount "67"]
[EventDate "2015.??.??"]

1. e4 e5 2. Nf3 Nc6 3. Bc4 Nf6 4. Ng5 d5 5. exd5 Na5 6. d3 h6 7. Nf3 Nxd5 8.
O-O f6 9. Nxe5 fxe5 10. Qh5+ Kd7 11. Bxd5 Qf6 12. Nc3 c6 13. Ne4 Qe7 14. Bf7 b6
15. f4 Nb7 16. Be3 Nd8 17. fxe5 Kc7 18. Bb3 Be6 19. Bxe6 Qxe6 20. Qf5 Kd7 21.
d4 Qxf5 22. Rxf5 Ke6 23. Raf1 Be7 24. c4 Rc8 25. Nc3 g6 26. d5+ Kd7 27. R5f3
cxd5 28. cxd5 Bc5 29. Bxc5 Rxc5 30. Rf8 Rh7 31. Ne4 Re7 32. e6+ Nxe6 33. dxe6+
Rxe6 34. Nxc5+ 1-0

[Event "SR 4. liga A21 2015/2016"]
[Site "?"]
[Date "2015.11.08"]
[Round "3.4"]
[White "Huska, Branislav"]
[Black "Krchnak, Rudolf"]
[Result "1-0"]
[WhiteElo "1777"]
[BlackElo "1787"]
[PlyCount "71"]
[EventDate "2015.??.??"]

1. e4 d6 2. d4 Nf6 3. Nc3 c6 4. f4 Qa5 5. Bd3 Nbd7 6. Nf3 e5 7. O-O Be7 8. Ne2
O-O 9. Kh1 Re8 10. Bd2 Qc7 11. Ng3 Bf8 12. a4 c5 13. dxe5 dxe5 14. Bc4 exf4 15.
Ng5 Ne5 16. Bxf4 Be6 17. Nxe6 fxe6 18. Qe2 Bd6 19. Bb3 c4 20. Bxe5 Bxe5 21.
Bxc4 Bxb2 22. Rab1 Be5 23. Nh5 Rac8 24. Bb3 Qf7 25. Nxf6+ gxf6 26. Qg4+ Kh8 27.
Rbd1 Rc7 28. Rd3 Rd7 29. Rfd1 Rxd3 30. Rxd3 a6 31. Qd1 Bc7 32. Rd7 Re7 33. Bxe6
Qxe6 34. Rxc7 Qxe4 35. Qd8+ Re8 36. Qxf6+ 1-0

[Event "SR 4. liga A21 2015/2016"]
[Site "?"]
[Date "2015.11.08"]
[Round "3.4"]
[White "Varga, Adam"]
[Black "Lauko, Tomas"]
[Result "0-1"]
[WhiteElo "1315"]
[BlackElo "1674"]
[PlyCount "50"]
[EventDate "2015.??.??"]

1. e4 d5 2. exd5 Qxd5 3. Nc3 Qa5 4. Bc4 Nc6 5. Nge2 Bf5 6. d3 e6 7. Bd2 Ne5 8.
Bb3 O-O-O 9. O-O Qa6 10. Nf4 g5 11. Nfe2 f6 12. Ng3 Bg6 13. Re1 h5 14. f4 Bc5+
15. Kh1 Ng4 16. Bxe6+ Qxe6 17. Rxe6 Nf2+ 18. Kg1 Nxd1+ 19. Kf1 Nxc3 20. bxc3 h4
21. Ne2 Bf5 22. Rxf6 Nxf6 23. fxg5 Ng4 24. Rb1 Rhf8 25. h3 Bxd3+ 0-1

[Event "SR 4. liga A21 2015/2016"]
[Site "?"]
[Date "2015.11.08"]
[Round "3.5"]
[White "Trojkova, Michaela"]
[Black "Skapikova, Lubica"]
[Result "0-1"]
[WhiteElo "1536"]
[BlackElo "1870"]
[PlyCount "90"]
[EventDate "2015.??.??"]

1. f4 d5 2. Nf3 g6 3. e3 Bg7 4. Be2 c5 5. d3 Nc6 6. O-O e6 7. Nbd2 Nge7 8. e4
e5 9. fxe5 Nxe5 10. Nxe5 Bxe5 11. exd5 Nxd5 12. Nf3 Bg7 13. Bg5 f6 14. Bd2 O-O
15. c3 Qb6 16. Qc1 Re8 17. Re1 Bf5 18. Kh1 Rad8 19. Nh4 Bd7 20. Bf3 Bc6 21. c4
Nc7 22. Bxc6 Qxc6 23. Rxe8+ Nxe8 24. Qc2 Qd6 25. Be3 b6 26. Rd1 f5 27. Nf3 Nf6
28. d4 Ng4 29. Bg1 cxd4 30. Nxd4 Be5 31. h3 Nf6 32. Be3 Ne4 33. a3 Ng3+ 34. Kg1
f4 35. Bf2 Nf5 36. Qa4 Nxd4 37. Bxd4 Bxd4+ 38. Kh1 Qe7 39. b4 Qe2 40. Qb3 Kg7
41. Qa4 f3 42. gxf3 Qxf3+ 43. Kh2 Be5+ 44. Kg1 Rxd1+ 45. Qxd1 Qxd1+ 0-1

[Event "SR 4. liga A21 2015/2016"]
[Site "?"]
[Date "2015.11.08"]
[Round "3.5"]
[White "Pericka, Pavol"]
[Black "Drozd, Jan"]
[Result "1/2-1/2"]
[WhiteElo "1796"]
[BlackElo "1538"]
[PlyCount "65"]
[EventDate "2015.??.??"]

1. e4 c5 2. Bc4 d6 3. Nf3 Nf6 4. Nc3 e6 5. d3 Nc6 6. O-O a6 7. a4 Bd7 8. Ne2
Be7 9. c3 Na5 10. Ba2 b5 11. b4 cxb4 12. cxb4 Nc6 13. axb5 Nxb4 14. bxa6 Rxa6
15. Qb3 Nxa2 16. Rxa2 Rxa2 17. Qxa2 O-O 18. Bd2 e5 19. h3 h6 20. Ra1 Be6 21.
Qa7 Re8 22. Nc3 Qb8 23. Qe3 Rc8 24. Rb1 Qa8 25. Qe1 Rb8 26. Ra1 Qc6 27. Be3 Ra8
28. Nd2 d5 29. Nxd5 Nxd5 30. exd5 Rxa1 31. Qxa1 Bxd5 32. f3 f6 33. Ne4 1/2-1/2

[Event "SR 4. liga A21 2015/2016"]
[Site "?"]
[Date "2015.11.08"]
[Round "3.5"]
[White "Hrdlicka, Martin"]
[Black "Brath, Zdeno"]
[Result "1/2-1/2"]
[WhiteElo "1367"]
[BlackElo "1480"]
[PlyCount "76"]
[EventDate "2015.??.??"]

1. e4 e5 2. Nf3 Nc6 3. Bb5 d6 4. d4 Bd7 5. d5 Nb8 6. Qe2 a6 7. Bc4 Be7 8. Nc3
b5 9. Bb3 Bg4 10. Qe3 h6 11. Bd2 Nd7 12. a3 Nc5 13. Ba2 Bxf3 14. Qxf3 Bg5 15.
Be3 Bxe3 16. Qxe3 Nf6 17. b4 Ncd7 18. f3 O-O 19. O-O Nh7 20. Ne2 a5 21. Bb3 Nb6
22. Qd3 Qd7 23. Nc3 Nc4 24. Bxc4 bxc4 25. Qxc4 axb4 26. axb4 Rxa1 27. Rxa1 f5
28. Ra7 Rc8 29. Nb5 fxe4 30. fxe4 Ng5 31. Rxc7 Rxc7 32. Nxc7 Nxe4 33. Qxe4 Qxc7
34. b5 Qc5+ 35. Kf1 Qxb5+ 36. c4 Qb2 37. Ke1 Kf7 38. Qf3+ Ke7 1/2-1/2

[Event "SR 4. liga A21 2015/2016"]
[Site "?"]
[Date "2015.11.08"]
[Round "3.5"]
[White "Svarc, Vaclav"]
[Black "Kaufman, Robert"]
[Result "0-1"]
[WhiteElo "1113"]
[BlackElo "1256"]
[PlyCount "114"]
[EventDate "2015.??.??"]

1. e4 e5 2. Nf3 Nf6 3. Nc3 Nc6 4. Bc4 Bc5 5. d3 h6 6. Be3 Bxe3 7. fxe3 d6 8.
Qe2 Bg4 9. O-O-O Qd7 10. h3 Be6 11. d4 Bxc4 12. Qxc4 exd4 13. exd4 O-O-O 14.
Rhe1 Rhe8 15. e5 d5 16. Qb5 Ne4 17. Nxe4 dxe4 18. Rxe4 Nxe5 19. Rxe5 Qxb5 20.
Rxb5 Re2 21. Nh4 g5 22. Nf5 Rxg2 23. Nxh6 f6 24. Rb3 Re8 25. Rbd3 Ree2 26. R3d2
Rh2 27. Rxe2 Rxe2 28. Ng4 f5 29. Nf6 f4 30. Rg1 f3 31. Kd1 f2 32. Kxe2 fxg1=Q
33. Ng4 Qxd4 34. Kf3 Qd1+ 35. Ke4 Qxc2+ 36. Ke5 Qxb2+ 37. Kf5 Qxa2 38. Kxg5 Qe6
39. h4 Kd7 40. h5 a5 41. h6 Qxh6+ 42. Kxh6 a4 43. Ne3 a3 44. Nc2 a2 45. Kg5 b5
46. Kf4 b4 47. Na1 Kd6 48. Ke3 Kd5 49. Kd3 c5 50. Kc2 c4 51. Kb2 b3 52. Nxb3
cxb3 53. Ka1 Kc4 54. Kb2 a1=Q+ 55. Kxa1 Kc3 56. Kb1 b2 57. Ka2 Kc2 0-1

[Event "SR 4. liga A21 2015/2016"]
[Site "?"]
[Date "2015.11.08"]
[Round "3.6"]
[White "Sefcik, Marek"]
[Black "Sobek, Michal"]
[Result "1-0"]
[WhiteElo "2038"]
[BlackElo "1909"]
[PlyCount "119"]
[EventDate "2015.??.??"]

1. b3 e5 2. Bb2 Nc6 3. e3 d5 4. Bb5 Bd6 5. Nf3 f6 6. d4 e4 7. Nfd2 a6 8. Bxc6+
bxc6 9. c4 Be6 10. Qc1 Qd7 11. Ba3 f5 12. Bxd6 Qxd6 13. Nc3 Nf6 14. Na4 O-O 15.
cxd5 cxd5 16. Qc5 Nd7 17. Qxd6 cxd6 18. Rc1 Rfc8 19. Ke2 a5 20. Nb1 Rab8 21.
Kd2 Kf7 22. Rxc8 Rxc8 23. Nbc3 Ke7 24. Rc1 Rc6 25. Nb5 Nb8 26. Rxc6 Nxc6 27. a3
g5 28. Nb6 Kd8 29. Kc3 h5 30. b4 f4 31. Kb3 h4 32. Nc3 axb4 33. axb4 Ne7 34.
Kc2 Kc7 35. Nba4 Nf5 36. Kd2 Bf7 37. Ne2 f3 38. gxf3 exf3 39. Nc1 Bh5 40. Nd3
g4 41. Nc3 Ne7 42. Ke1 Nf5 43. Nf4 Bf7 44. Ncxd5+ Bxd5 45. Nxd5+ Kc6 46. Nc3
Nxe3 47. b5+ Kb6 48. fxe3 g3 49. h3 d5 50. Nxd5+ Kxb5 51. Nf4 Kc4 52. Ng6 Kd3
53. Nxh4 Kxe3 54. Nf5+ Kf4 55. Nxg3 Kxg3 56. Kf1 Kh4 57. Kf2 Kxh3 58. Kxf3 Kh4
59. Kf4 Kh5 60. Kf5 1-0

[Event "SR 4. liga A21 2015/2016"]
[Site "?"]
[Date "2015.11.08"]
[Round "3.6"]
[White "Celustkova, Lubica"]
[Black "Horak, Ivan"]
[Result "1/2-1/2"]
[WhiteElo "1673"]
[BlackElo "2041"]
[PlyCount "101"]
[EventDate "2015.??.??"]

1. c4 e5 2. Nc3 Nc6 3. g3 Nf6 4. Bg2 Bb4 5. Nf3 Bxc3 6. bxc3 O-O 7. Qc2 d6 8.
e4 b6 9. O-O Be6 10. d3 h6 11. Nh4 Qd7 12. f4 Bh3 13. f5 Bxg2 14. Qxg2 Nh7 15.
f6 Nxf6 16. Bxh6 Nh7 17. Be3 Ne7 18. Rf2 Rad8 19. Raf1 a5 20. g4 f6 21. Rf3 g5
22. Nf5 Nxf5 23. gxf5 Qg7 24. Rg3 Kf7 25. h4 Rg8 26. Kf2 Qh8 27. hxg5 Nxg5 28.
Bxg5 Rxg5 29. Rxg5 fxg5 30. Rh1 Qg7 31. Qg4 Rh8 32. Rxh8 Qxh8 33. Qxg5 Qh2+ 34.
Qg2 Qf4+ 35. Ke2 Kf8 36. Qh1 Qg4+ 37. Qf3 Qh4 38. Qf2 Qg4+ 39. Kd2 Ke8 40. Kc2
Kd7 41. Kb2 Ke8 42. Qc2 Kd8 43. Qf2 Ke8 44. Qc2 Qf3 45. Qd2 Kd7 46. Kc2 Kc6 47.
Qd1 Qf2+ 48. Qd2 Qf3 49. Qd1 Qf2+ 50. Qd2 Qf3 51. Qd1 1/2-1/2

[Event "SR 4. liga A21 2015/2016"]
[Site "?"]
[Date "2015.11.08"]
[Round "3.6"]
[White "Husek, Lubomir"]
[Black "Klimes, Karel"]
[Result "1-0"]
[WhiteElo "1902"]
[BlackElo "1692"]
[PlyCount "59"]
[EventDate "2015.??.??"]

1. e4 e5 2. Nf3 Nc6 3. Bb5 a6 4. Ba4 b5 5. Bb3 Be7 6. c3 Nf6 7. d3 Bb7 8. O-O
O-O 9. Re1 d6 10. Nbd2 Na5 11. Bc2 c5 12. Nf1 Nc6 13. Ng3 Nd7 14. Nf5 Re8 15.
a4 Nf8 16. Nxe7+ Nxe7 17. Bg5 Qd7 18. Bh4 Ne6 19. Bg3 f5 20. exf5 Nxf5 21. d4
Bxf3 22. Qxf3 Nxg3 23. hxg3 exd4 24. Qd5 Qf7 25. axb5 Nc7 26. Bxh7+ Kf8 27.
Qxd6+ Re7 28. bxa6 Rxa6 29. Rxa6 Nxa6 30. Bg6 1-0

[Event "SR 4. liga A21 2015/2016"]
[Site "?"]
[Date "2015.11.08"]
[Round "3.6"]
[White "Wallner, Juraj"]
[Black "Kahanek, Jaroslav"]
[Result "0-1"]
[WhiteElo "1554"]
[BlackElo "1863"]
[PlyCount "72"]
[EventDate "2015.??.??"]

1. e4 c5 2. Nf3 Nc6 3. d4 cxd4 4. Nxd4 e5 5. Nf3 d6 6. Nc3 Be6 7. Bb5 a6 8. Ba4
h6 9. Be3 Nf6 10. Bb3 Be7 11. h3 O-O 12. Qd2 b5 13. a3 Kh7 14. Bd5 Rc8 15. g4
Na5 16. g5 Nxd5 17. exd5 Bf5 18. gxh6 g6 19. Ng5+ Bxg5 20. Bxg5 f6 21. Be3 Nc4
22. Qc1 Qd7 23. h4 Bg4 24. Rg1 f5 25. Rxg4 fxg4 26. Ne4 Qf5 27. Ng5+ Kh8 28.
Ne6 Nxe3 29. Qxe3 Rf6 30. c3 g3 31. Qxg3 Qe4+ 32. Kf1 Qxd5 33. Ng5 Qh1+ 34. Qg1
Qxg1+ 35. Kxg1 Rc4 36. Rd1 Rxh4 0-1

[Event "SR 4. liga A21 2015/2016"]
[Site "?"]
[Date "2015.11.08"]
[Round "3.6"]
[White "Kovarik, Oto"]
[Black "Tomasovic, Pavol"]
[Result "1-0"]
[WhiteElo "1828"]
[BlackElo "1313"]
[PlyCount "83"]
[EventDate "2015.??.??"]

1. e4 e6 2. d4 d5 3. Nd2 c5 4. exd5 exd5 5. Ngf3 Nc6 6. c3 Nf6 7. Be2 Qb6 8.
O-O cxd4 9. cxd4 Be7 10. Nb3 O-O 11. h3 Be6 12. Be3 Rac8 13. Ne5 Nxe5 14. dxe5
Qd8 15. exf6 Bxf6 16. Bd4 b6 17. Qd2 Bxd4 18. Nxd4 Qd7 19. Nxe6 fxe6 20. Bg4
Qd6 21. Rad1 Rcd8 22. Rfe1 Rf6 23. Qe3 Re8 24. Qe5 Qc5 25. Qd4 Qd6 26. Re5 Re7
27. Rde1 Qc6 28. f4 Qc5 29. Qxc5 bxc5 30. f5 d4 31. Rxc5 g6 32. fxe6 h5 33. Bd1
Kg7 34. Bb3 Kh6 35. Rd1 Rf4 36. Re5 Rf5 37. Rxf5 gxf5 38. Rxd4 Kg6 39. Rd7 Kf6
40. Rxe7 Kxe7 41. Kf2 a5 42. Kf3 1-0

[Event "SR 4. liga A21 2015/2016"]
[Site "?"]
[Date "2015.11.22"]
[Round "4.1"]
[White "Kubis, Ivan"]
[Black "Sobek, Michal"]
[Result "0-1"]
[WhiteElo "1957"]
[BlackElo "1909"]
[PlyCount "64"]
[EventDate "2015.??.??"]

1. e4 e5 2. Nf3 Nc6 3. Bb5 a6 4. Ba4 Nf6 5. O-O b5 6. Bb3 d6 7. c3 Be7 8. Re1
O-O 9. h3 Nb8 10. d4 Nbd7 11. a4 Bb7 12. Nbd2 h6 13. Bc2 Re8 14. Nf1 Bf8 15. d5
g6 16. g4 Bg7 17. Ng3 Qc8 18. axb5 axb5 19. Rxa8 Qxa8 20. g5 hxg5 21. Nxg5 Kf8
22. h4 Ke7 23. h5 Nf8 24. f4 Nxh5 25. Nxh5 gxh5 26. fxe5 dxe5 27. Rf1 Bf6 28.
Qf3 Qa6 29. b3 Nd7 30. Qxh5 Rf8 31. Be3 Qa5 32. b4 Qa3 0-1

[Event "SR 4. liga A21 2015/2016"]
[Site "?"]
[Date "2015.11.22"]
[Round "4.1"]
[White "Nemeckay, Rastislav"]
[Black "Valla, Tomas"]
[Result "1/2-1/2"]
[WhiteElo "1995"]
[BlackElo "1802"]
[PlyCount "87"]
[EventDate "2015.??.??"]

1. e4 c5 2. Nf3 g6 3. d4 cxd4 4. Qxd4 Nf6 5. e5 Nc6 6. Qf4 Nd5 7. Qe4 Nc7 8.
Nc3 Bg7 9. Bd2 d5 10. exd6 Qxd6 11. O-O-O Qe6 12. Bc4 Qxe4 13. Nxe4 Be6 14.
Bxe6 Nxe6 15. Bc3 Bxc3 16. Nxc3 Nc7 17. Rd2 Rd8 18. Rhd1 Rxd2 19. Rxd2 e6 20.
Ne4 Ke7 21. Nc5 Rd8 22. Nxb7 Rxd2 23. Nxd2 Ne5 24. f3 Nd5 25. Nc5 Ne3 26. g3 f5
27. Nd3 Nc6 28. c3 e5 29. Nf2 Ke6 30. Nd1 Nd5 31. Kc2 g5 32. a3 h5 33. h3 Nb8
34. c4 Nf6 35. Kd3 g4 36. hxg4 hxg4 37. Ke3 gxf3 38. Kxf3 e4+ 39. Ke3 Ke5 40.
Nf2 Nc6 41. Nb3 Nh5 42. Nh1 Nxg3 43. Nxg3 f4+ 44. Kf2 1/2-1/2

[Event "SR 4. liga A21 2015/2016"]
[Site "?"]
[Date "2015.11.22"]
[Round "4.1"]
[White "Zajicek, Ferdinand"]
[Black "Klimes, Karel"]
[Result "1-0"]
[WhiteElo "1754"]
[BlackElo "1692"]
[PlyCount "135"]
[EventDate "2015.??.??"]

1. e4 e5 2. Nf3 Nc6 3. Nc3 Nf6 4. Bc4 Be7 5. a3 d6 6. h3 a6 7. d3 b5 8. Ba2 Bb7
9. O-O O-O 10. Ne2 d5 11. exd5 Nxd5 12. Ng3 Nf6 13. Re1 Nd7 14. Bd5 Bd6 15. Ne4
Na5 16. Ba2 h6 17. Bd2 Nc6 18. Bd5 Nf6 19. Nxf6+ Qxf6 20. Nh2 Rfe8 21. Qh5 Nd8
22. Ng4 Qe7 23. Bxb7 Nxb7 24. Bxh6 g6 25. Qg5 Qxg5 26. Bxg5 Kg7 27. Bf6+ Kf8
28. Bxe5 f5 29. Bxd6+ Nxd6 30. Ne5 Kg7 31. Nc6 Kf6 32. Nb4 Kg5 33. Kf1 c5 34.
Rxe8 Rxe8 35. Nxa6 c4 36. Re1 Rc8 37. Nb4 cxd3 38. cxd3 Nb7 39. d4 Rd8 40. d5
Nc5 41. g3 Ne4 42. Kg2 Rc8 43. f3 Nd2 44. f4+ Kh6 45. d6 Rd8 46. Re6 Nc4 47.
Nc6 Rxd6 48. Rxd6 Nxd6 49. b3 Ne4 50. a4 bxa4 51. bxa4 Nc5 52. a5 Na6 53. Kf3
Kg7 54. g4 Kf6 55. Nd4 fxg4+ 56. Kxg4 Nc5 57. Nb5 Na6 58. Nd4 Nc5 59. h4 Ke7
60. Nc2 Kf6 61. Ne3 Na6 62. Nd5+ Ke6 63. Kg5 Kxd5 64. Kxg6 Nc7 65. h5 Ne6 66.
f5 Nf4+ 67. Kg5 Nh3+ 68. Kh4 1-0

[Event "SR 4. liga A21 2015/2016"]
[Site "?"]
[Date "2015.11.22"]
[Round "4.1"]
[White "Wallner, Juraj"]
[Black "Papanek, Lubomir"]
[Result "0-1"]
[WhiteElo "1554"]
[BlackElo "1655"]
[PlyCount "94"]
[EventDate "2015.??.??"]

1. e4 e5 2. Nf3 Nc6 3. d4 exd4 4. Nxd4 Qf6 5. Be3 Bc5 6. c3 Nge7 7. Bc4 Ne5 8.
Bb3 d6 9. Nd2 Nd3+ 10. Ke2 Ne5 11. h3 Qg6 12. Qf1 O-O 13. N2f3 Qxe4 14. Bc2 Qd5
15. Bb3 Nc4 16. Ke1 Nxe3 17. fxe3 Qe4 18. Qe2 Bxd4 19. cxd4 Nf5 20. Kf2 Qe7 21.
g4 Nh4 22. Kg3 Nxf3 23. Qxf3 c6 24. Rhf1 Be6 25. Bc2 f5 26. Qe2 d5 27. Kh2 fxg4
28. Rg1 Qh4 29. Rg3 Rf6 30. Rag1 Raf8 31. R1g2 Rf3 32. Qe1 g6 33. Bd1 Rxg3 34.
Rxg3 Qf6 35. Bxg4 Bxg4 36. Rxg4 Qf2+ 37. Qxf2 Rxf2+ 38. Rg2 Rxg2+ 39. Kxg2 Kg7
40. Kf3 Kf6 41. Kg4 h5+ 42. Kf3 Kf5 43. b3 g5 44. a4 g4+ 45. hxg4+ hxg4+ 46.
Kf2 Ke4 47. a5 g3+ 0-1

[Event "SR 4. liga A21 2015/2016"]
[Site "?"]
[Date "2015.11.22"]
[Round "4.1"]
[White "Nemeth, Karol"]
[Black "Tomasovic, Pavol"]
[Result "0-1"]
[WhiteElo "1000"]
[BlackElo "1313"]
[PlyCount "54"]
[EventDate "2015.??.??"]

1. e4 e6 2. d4 d5 3. e5 c5 4. c3 Nc6 5. Nf3 Qb6 6. Be2 cxd4 7. cxd4 Nh6 8. Bxh6
Qxb2 9. Nbd2 gxh6 10. O-O Nxd4 11. Nxd4 Qxd4 12. Bb5+ Bd7 13. Bxd7+ Kxd7 14.
Nf3 Qxd1 15. Rfxd1 Bg7 16. Rab1 b6 17. a4 f6 18. exf6 Bxf6 19. h3 Rhc8 20. Nd4
Bxd4 21. Rxd4 Rc4 22. Rxc4 dxc4 23. Rd1+ Ke7 24. Rc1 Rc8 25. g4 a6 26. Kg2 b5
27. axb5 axb5 0-1

[Event "SR 4. liga A21 2015/2016"]
[Site "?"]
[Date "2015.11.22"]
[Round "4.2"]
[White "Ocko, Martin"]
[Black "Sefcik, Marek"]
[Result "1/2-1/2"]
[WhiteElo "2038"]
[BlackElo "2038"]
[PlyCount "52"]
[EventDate "2015.??.??"]

1. e4 c5 2. Nf3 e6 3. d4 cxd4 4. Nxd4 Bc5 5. Nb3 Bb6 6. Nc3 Ne7 7. Be2 O-O 8.
O-O f5 9. Bg5 Nbc6 10. exf5 Rxf5 11. Bxe7 Qxe7 12. Bd3 Rf8 13. Qh5 g6 14. Qh6
Ne5 15. h3 Nxd3 16. cxd3 Bc7 17. Qe3 Qd6 18. g3 a6 19. Rac1 Bd8 20. d4 b6 21.
Qe4 Qb8 22. d5 Bb7 23. Qg4 Rf5 24. h4 Bf6 25. dxe6 dxe6 26. Nd4 Bxd4 1/2-1/2